[Event "4th London Classic Open"]
[Site "London ENG"]
[Date "2012.12.04"]
[Round "4.8"]
[White "Richardson,Joh"]
[Black "Hebden,M"]
[Result "0-1"]
[WhiteTitle "FM"]
[BlackTitle "GM"]
[WhiteElo "2320"]
[BlackElo "2547"]
[WhiteFideId "401617"]
[BlackFideId "400084"]
[EventDate "2012.12.01"]

1. d4 Nf6 2. c4 g6 3. g3 c5 4. d5 b5 5. cxb5 a6 6. bxa6 Bg7 7. Bg2 d6 8. Nc3 O-O
9. Nf3 Nbd7 10. O-O Nb6 11. Re1 Bxa6 12. a4 Nc4 13. Nd2 Na5 14. h3 Nd7 15. Qc2
c4 16. Rb1 Nc5 17. Nf3 Nab3 18. Be3 Qa5 19. Red1 Bxc3 20. bxc3 Nxa4 21. Bd4 Rfc8
22. Ra1 Bb7 23. e4 Nxd4 24. cxd4 Qc3 25. Rdc1 Qxc2 26. Rxc2 f5 27. Nd2 c3 28.
Nb1 fxe4 29. Bxe4 Rc4 30. f3 Kf7 31. Ra3 Rac8 32. Rb3 Ba8 33. Kf2 Rxd4 34. Nxc3
Rdc4 35. Nxa4 Rxc2+ 36. Bxc2 Rxc2+ 37. Ke3 Bxd5 38. Rd3 Bb7 39. Rb3 Bc6 40. Nc3
g5 41. Ne2 Bd5 42. Ra3 Rb2 43. h4 Bc4 44. Nd4 gxh4 45. gxh4 e5 46. Nf5 Rb4 0-1

[Event "4th London Classic Open"]
[Site "London ENG"]
[Date "2012.12.04"]
[Round "4.11"]
[White "Ledger,D"]
[Black "McDonald,N"]
[Result "1-0"]
[WhiteTitle "FM"]
[BlackTitle "GM"]
[WhiteElo "2266"]
[BlackElo "2454"]
[WhiteFideId "401986"]
[BlackFideId "400629"]
[EventDate "2012.12.01"]

1. e4 e6 2. d4 d5 3. Nc3 Nf6 4. e5 Nfd7 5. f4 c5 6. Nf3 Nc6 7. Be3 Be7 8. Qd2
O-O 9. Be2 b6 10. O-O Bb7 11. Nd1 cxd4 12. Nxd4 Nc5 13. Nxc6 Bxc6 14. Bd4 Ne4
15. Qe3 Qd7 16. Nf2 Rac8 17. Rad1 Nxf2 18. Rxf2 Ba4 19. f5 exf5 20. Bd3 Qc6 21.
Bxf5 Rce8 22. b3 Bb5 23. a4 Ba6 24. Qh3 Qh6 25. Qxh6 gxh6 26. Rf3 Bc8 27. Rg3+
Kh8 28. e6+ f6 29. Re1 Rg8 30. Rh3 Rg5 31. g4 Reg8 32. Kf2 h5 33. Be3 Rxg4 34.
Rxh5 Rg2+ 35. Kf3 R2g7 36. Bd4 Re8 37. Rh6 Kg8 38. c3 Rg5 39. Rg1 Rxg1 40. Bxg1
Bf8 41. Rh4 Bxe6 42. Bxh7+ Kf7 43. Bd3 Bg7 44. Bd4 Bd7 45. Kf2 Be6 46. b4 Rb8
47. Ke3 Bd7 48. Bc2 Rb7 49. Rh5 Be6 50. Bd3 Rc7 51. Kd2 Bd7 52. Bc2 Be6 53. Rh7
Bg4 54. a5 bxa5 55. bxa5 Bf3 56. Rh4 Re7 57. Bd3 Kg8 58. Bh7+ Kf7 59. Bd3 Kg8
60. a6 Be4 61. Bxe4 dxe4 62. Rh5 Re6 63. Ra5 Bh6+ 64. Ke2 f5 65. Bxa7 f4 66. Be3
f3+ 67. Kf2 Bxe3+ 68. Kxe3 Re8 69. a7 Ra8 70. h4 Kf7 71. Ra6 Ke7 72. h5 Kd7 73.
h6 Kc7 74. Rg6 Rf8 75. Rf6 Re8 76. Rf7+ Kb6 77. h7 Rc8 78. c4 Re8 79. Rg7 1-0

[Event "4th London Classic Open"]
[Site "London ENG"]
[Date "2012.12.04"]
[Round "4.12"]
[White "Moriuchi,T"]
[Black "Sadzikowski,D"]
[Result "0-1"]
[BlackTitle "IM"]
[WhiteElo "2316"]
[BlackElo "2449"]
[WhiteFideId "7000405"]
[BlackFideId "1132253"]
[EventDate "2012.12.01"]

1. e4 e6 2. d4 d5 3. Nc3 Nf6 4. e5 Nfd7 5. f4 c5 6. Nf3 Nc6 7. Be3 Be7 8. Qd2
O-O 9. dxc5 Bxc5 10. O-O-O Qa5 11. Bxc5 Nxc5 12. Kb1 Bd7 13. Qe3 Rfc8 14. f5
exf5 15. Nxd5 Be6 16. Bc4 Ne4 17. Bb3 Qc5 18. Rhe1 Kf8 19. Ng5 Qxe3 20. Nxe6+
fxe6 21. Nxe3 Ke7 22. g4 fxg4 23. Nxg4 Nc5 24. Rg1 Rf8 25. Ne3 g6 26. Ng4 Rf5
27. Rde1 Rd8 28. Bc4 a6 29. a3 Rd4 30. Bf1 Rg5 31. Bh3 h5 32. Nf2 Rxg1 33. Rxg1
Nxe5 34. b4 Ne4 35. Nxe4 Rxe4 36. Kb2 b6 37. Rg3 Kf6 38. Bf1 Nc4+ 39. Bxc4 Rxc4
40. Rd3 Rc6 41. a4 e5 42. Rf3+ Kg5 0-1

[Event "4th London Classic Open"]
[Site "London ENG"]
[Date "2012.12.04"]
[Round "4"]
[White "Bartholomew,J"]
[Black "Kvisvik,B"]
[Result "1-0"]
[WhiteTitle "IM"]
[BlackTitle "FM"]
[WhiteElo "2427"]
[BlackElo "2316"]
[WhiteFideId "2019353"]
[BlackFideId "1502999"]
[EventDate "2012.12.01"]

1. d4 Nf6 2. c4 g6 3. Nc3 d5 4. cxd5 Nxd5 5. Bd2 Bg7 6. e4 Nxc3 7. Bxc3 O-O 8.
Nf3 c5 9. d5 Bxc3+ 10. bxc3 Bg4 11. Be2 Bxf3 12. Bxf3 Qd6 13. O-O Nd7 14. g3 e5
15. dxe6 Qxe6 16. Bg4 f5 17. exf5 gxf5 18. Bf3 Nb6 19. Bxb7 Rad8 20. Qb3 c4 21.
Qa3 Rd7 22. Bg2 Qe7 23. Qa5 Rd3 24. Rae1 Qd7 25. Re5 Rf7 26. Rc1 Rd1+ 27. Rxd1
Qxd1+ 28. Bf1 Qd7 29. Bh3 Qa4 30. Qc5 Kg7 31. Qd4 Kg8 32. Bxf5 Nd7 33. Bxd7 Qxd7
34. Qxd7 Rxd7 35. Rc5 Rd2 36. a4 1-0

[Event "4th London Classic Open"]
[Site "London ENG"]
[Date "2012.12.04"]
[Round "4"]
[White "Gunajew,R"]
[Black "D'Costa,L"]
[Result "0-1"]
[WhiteTitle "FM"]
[BlackTitle "IM"]
[WhiteElo "2260"]
[BlackElo "2417"]
[WhiteFideId "1116037"]
[BlackFideId "409219"]
[EventDate "2012.12.01"]

1. e4 c5 2. Nf3 d6 3. c3 Nf6 4. Bd3 Bg4 5. h3 Bxf3 6. Qxf3 Nc6 7. Bb5 Qb6 8. Na3
g6 9. O-O Bg7 10. Re1 O-O 11. Bxc6 Qxc6 12. Nc2 Rac8 13. a4 Nd7 14. Qe2 e6 15.
d4 d5 16. exd5 Qxd5 17. dxc5 Nxc5 18. Be3 a6 19. Bd4 Rfd8 20. Red1 Qg5 21. Bxg7
Kxg7 22. Nd4 Qf4 23. g3 Qe4 24. Qxe4 Nxe4 25. Nf3 Kf6 26. Re1 Nd2 27. Kg2 Nxf3
28. Kxf3 Rd2 29. Re2 Rcd8 30. Rae1 R8d3+ 31. Kg2 Ke7 32. Rxd2 Rxd2 33. b3 Rb2
34. b4 Rb3 35. Re3 b6 36. Kf3 Ra3 37. h4 Rxa4 38. Rd3 Ra2 39. Rd4 b5 40. c4 Ra3+
41. Kg2 e5 42. Re4 Ke6 43. f4 f6 44. fxe5 fxe5 45. c5 Rb3 46. h5 g5 47. h6 Kf5
48. Re1 Rxb4 49. Rf1+ Ke6 50. Rf8 Rb2+ 51. Kh3 Rc2 52. Rh8 Kf5 53. Rf8+ Kg6 54.
Ra8 Rxc5 55. Rxa6+ Kf5 56. g4+ Ke4 57. Ra7 Rc3+ 58. Kg2 Kf4 59. Rxh7 Kxg4 60.
Rb7 Rc2+ 61. Kf1 Rh2 62. Rxb5 e4 63. Rb6 Kg3 64. Re6 Kf3 65. Rf6+ Ke3 66. Rg6
Rh5 67. h7 Rh1+ 68. Kg2 Rxh7 69. Rxg5 Ke2 70. Kg3 e3 71. Ra5 Rg7+ 72. Kh2 Kf2
73. Rf5+ Ke1 0-1

[Event "4th London Classic Open"]
[Site "London ENG"]
[Date "2012.12.04"]
[Round "4"]
[White "Sarakauskas,G"]
[Black "Caoili,A"]
[Result "1-0"]
[WhiteTitle "IM"]
[BlackTitle "WIM"]
[WhiteElo "2408"]
[BlackElo "2202"]
[WhiteFideId "12800724"]
[BlackFideId "5201179"]
[EventDate "2012.12.01"]

1. e4 e5 2. Nf3 Nc6 3. Bb5 a6 4. Ba4 Nf6 5. O-O Be7 6. Re1 b5 7. Bb3 d6 8. c3
O-O 9. h3 Na5 10. Bc2 c5 11. d4 Nd7 12. dxc5 dxc5 13. Nbd2 Qc7 14. Nf1 Rd8 15.
Ne3 Nb6 16. Nd5 Nxd5 17. exd5 f6 18. Nh4 g6 19. Nxg6 hxg6 20. Bxg6 Nc4 21. Qh5
Bf8 22. Re4 Ra7 23. a4 Nd6 24. Rh4 Qg7 25. axb5 Nxb5 26. c4 Nd4 27. Ra3 Ne2+ 28.
Qxe2 Qxg6 29. Rg3 Qxg3 30. fxg3 Rh7 31. Rxh7 Kxh7 32. Qh5+ Kg8 33. Qg6+ 1-0

[Event "4th London Classic Open"]
[Site "London ENG"]
[Date "2012.12.04"]
[Round "4"]
[White "Dole,A"]
[Black "Ferguson,M"]
[Result "0-1"]
[BlackTitle "IM"]
[WhiteElo "2138"]
[BlackElo "2402"]
[WhiteFideId "14301490"]
[BlackFideId "403547"]
[EventDate "2012.12.01"]

1. e4 e5 2. Nf3 Nc6 3. Bb5 a6 4. Ba4 Nf6 5. O-O Be7 6. d3 d6 7. c3 O-O 8. Nbd2
Re8 9. Re1 b5 10. Bc2 Bf8 11. a4 Bb7 12. Nf1 h6 13. Ng3 d5 14. Qe2 Qd7 15. Nf5
Nd8 16. N3h4 Kh8 17. Qf3 Ng8 18. g4 Ne6 19. g5 Nxg5 20. Bxg5 hxg5 21. Qh5+ Nh6
22. Qxg5 Nxf5 23. exf5 Be7 24. Qh5+ Kg8 25. Nf3 Bf6 26. d4 e4 27. Ng5 Bxg5 28.
Qxg5 f6 29. Qf4 c6 30. axb5 axb5 31. Rxa8 Rxa8 32. Bb3 Kf8 33. f3 exf3 34. Qxf3
Re8 35. Ra1 Bc8 36. Bc2 Qe7 37. Kf2 b4 38. Bd3 bxc3 39. bxc3 Qb7 40. Rb1 Qa7 41.
Qh5 Qe7 42. Qh8+ Kf7 43. Qh5+ Kg8 44. Qf3 Qa3 45. Qh5 Bd7 46. Rg1 Re7 47. Rb1
Qd6 48. Qh4 Be8 49. Re1 Rxe1 50. Kxe1 Bd7 51. Qg3 Qa3 52. Qb8+ Kh7 53. Kd2 Qa2+
54. Ke3 Qa1 55. Qd8 Qe1+ 56. Kf3 Qxc3 57. Ke2 Qb2+ 58. Ke3 Qb7 59. Qe7 Qc8 60.
Kf4 Qb8+ 61. Kf3 Be8 62. Kg4 Bh5+ 63. Kh3 Qf4 0-1

[Event "4th London Classic Open"]
[Site "London ENG"]
[Date "2012.12.04"]
[Round "4"]
[White "Houska,Jo"]
[Black "Tan,Ju2"]
[Result "1-0"]
[WhiteTitle "IM"]
[WhiteElo "2396"]
[BlackElo "2239"]
[WhiteFideId "405094"]
[BlackFideId "3206882"]
[EventDate "2012.12.01"]

1. d4 d5 2. Nf3 Nf6 3. c4 dxc4 4. e3 e6 5. Bxc4 c5 6. Qe2 cxd4 7. exd4 Nc6 8.
O-O a6 9. Rd1 b5 10. d5 bxc4 11. dxe6 Bd6 12. exf7+ Kf8 13. Bf4 Bxf4 14. Rxd8+
Nxd8 15. Qxc4 Bd6 16. Nc3 Nxf7 17. Ng5 Nxg5 18. Qc6 Bb7 19. Qxd6+ Kg8 20. Re1 h6
21. Re7 Re8 22. Qxf6 gxf6 23. Rxe8+ Kg7 24. Re7+ Kg6 25. Rxb7 Rd8 26. h4 Ne6 27.
Rb6 Nc5 28. b4 Nd3 29. Ne4 Rd4 30. f3 Kg7 31. Nxf6 Rxb4 32. Nh5+ Kh7 33. Rxa6
Ne5 34. Nf6+ Kg7 35. h5 Nd3 36. Nd5 Rb5 37. Rd6 Rb2 38. a4 Ra2 39. Nc3 Ra1+ 40.
Kh2 Nf4 41. g4 Ra3 42. Kg3 Nxh5+ 43. gxh5 Rxc3 44. Rd5 Rc4 45. a5 Ra4 46. f4 Kf6
47. Kg4 Ra1 48. Rd6+ Ke7 49. Ra6 Kf7 50. Kf5 Ra4 51. Ra7+ Kf8 52. Ke5 Ra1 53.
Kf6 1-0

[Event "4th London Classic Open"]
[Site "London ENG"]
[Date "2012.12.04"]
[Round "4"]
[White "Fayard,A"]
[Black "Gullaksen,E"]
[Result "0-1"]
[WhiteTitle "FM"]
[BlackTitle "IM"]
[WhiteElo "2202"]
[BlackElo "2384"]
[WhiteFideId "600857"]
[BlackFideId "1500945"]
[EventDate "2012.12.01"]

1. d4 Nf6 2. c4 g6 3. Nc3 Bg7 4. e4 d6 5. Be2 O-O 6. Bg5 Na6 7. f4 c6 8. Qd2 Nc7
9. Bf3 d5 10. cxd5 cxd5 11. e5 Ne4 12. Bxe4 dxe4 13. Nge2 b6 14. O-O-O Bb7 15.
f5 f6 16. Bh6 Nd5 17. Bxg7 Kxg7 18. fxg6 hxg6 19. Nxe4 fxe5 20. dxe5 Qc7+ 21.
Kb1 Qxe5 22. N2g3 Rad8 23. Qg5 Nc3+ 24. bxc3 Bxe4+ 25. Nxe4 Qxe4+ 26. Ka1 Rxd1+
27. Rxd1 Rf2 28. g3 Qe2 0-1

[Event "4th London Classic Open"]
[Site "London ENG"]
[Date "2012.12.04"]
[Round "4"]
[White "Szalontay,Mihaly"]
[Black "Rendle,T"]
[Result "0-1"]
[BlackTitle "IM"]
[WhiteElo "2011"]
[BlackElo "2381"]
[WhiteFideId "746967"]
[BlackFideId "408760"]
[EventDate "2012.12.01"]

1. e4 e6 2. d3 d5 3. Nd2 Nf6 4. Ngf3 Nc6 5. e5 Nd7 6. d4 f6 7. Qe2 fxe5 8. dxe5
Be7 9. Nb3 O-O 10. h4 Qe8 11. g3 a5 12. Bh3 a4 13. Bxe6+ Kh8 14. Bxd7 Bxd7 15.
Nbd2 Bg4 16. Qe3 Nb4 17. Kf1 Nxc2 18. Qd3 Nxa1 19. Ng5 Bf5 20. Qxd5 c6 21. Qc4
Bxg5 0-1

[Event "4th London Classic Open"]
[Site "London ENG"]
[Date "2012.12.04"]
[Round "4"]
[White "Guerrero,An"]
[Black "Arkell,K"]
[Result "1/2-1/2"]
[BlackTitle "GM"]
[WhiteElo "2206"]
[BlackElo "2470"]
[WhiteFideId "3902048"]
[BlackFideId "400270"]
[EventDate "2012.12.01"]

1. d4 g6 2. e4 Bg7 3. Nc3 c6 4. Nf3 d5 5. h3 dxe4 6. Nxe4 Nd7 7. c3 Ngf6 8.
Nxf6+ Nxf6 9. Bc4 O-O 10. O-O Bf5 11. Re1 Be4 12. Ne5 Bd5 13. Qb3 Bxc4 14. Nxc4
Qc7 15. Bg5 b6 16. Bh4 Rac8 17. Rad1 Nd5 18. Ne3 Nxe3 19. Rxe3 e6 20. c4 Rfe8
21. Red3 c5 22. d5 Bd4 23. Qa4 exd5 24. cxd5 Re4 25. Bg3 Bxf2+ 26. Kxf2 Rxa4 27.
Bxc7 Rxc7 28. a3 Rf4+ 29. Rf3 Rxf3+ 30. Kxf3 Re7 31. b4 cxb4 32. axb4 Kg7 33. d6
Re8 34. Ra1 Rd8 35. Rxa7 Rxd6 36. Rb7 Kf6 37. g4 h6 38. h4 Ke6 39. g5 hxg5 40.
hxg5 Kf5 41. Rxf7+ Kxg5 42. Rb7 Kf5 43. Ke3 Ke5 44. Rf7 Kd5 45. Rf4 Kc6 46. Ke4
Re6+ 47. Kd4 Kb5 48. Rg4 Ka4 49. Kc3 Rf6 50. Kb2 Rc6 51. Ka2 Rd6 52. Kb2 Rf6 53.
Kc3 Ka3 54. Kc4 Rf5 55. Rxg6 Rf4+ 56. Kc3 Rxb4 57. Rg1 Rb3+ 58. Kc2 Rb2+ 59. Kc3
Ka2 60. Rg8 Rb3+ 61. Kc2 b5 62. Ra8+ Ra3 63. Rb8 Ra5 64. Kc3 Ka3 65. Rb7 Ka4 66.
Rb8 Ra6 67. Kb2 Rh6 68. Rg8 Rh2+ 69. Kb1 Rh3 70. Kb2 Rb3+ 71. Ka2 Rc3 72. Kb2
Rd3 73. Rh8 Rd2+ 74. Kb1 Rd3 75. Kb2 Re3 76. Rg8 Re2+ 77. Kb1 b4 78. Rg3 Rd2 79.
Rh3 Rd4 80. Kb2 Rf4 81. Rg3 b3 82. Rg8 Rf2+ 83. Kb1 Ka3 1/2-1/2

[Event "4th London Classic Open"]
[Site "London ENG"]
[Date "2012.12.04"]
[Round "4"]
[White "Pert,R"]
[Black "Marusenko,P"]
[Result "0-1"]
[WhiteTitle "IM"]
[BlackTitle "IM"]
[WhiteElo "2454"]
[BlackElo "2197"]
[WhiteFideId "404748"]
[BlackFideId "14100606"]
[EventDate "2012.12.01"]

1. d4 d5 2. c4 c6 3. Nc3 Nf6 4. cxd5 cxd5 5. Bf4 Nc6 6. e3 e6 7. Bd3 Be7 8. h3
O-O 9. Nf3 b6 10. Rc1 Bb7 11. O-O Rc8 12. Ne5 Nxe5 13. Bxe5 Qd7 14. Qb3 Ne4 15.
Nxe4 dxe4 16. Bb5 Bc6 17. a4 Bd6 18. Bxc6 Rxc6 19. Qb5 Rfc8 20. Rxc6 Qxc6 21.
Qxc6 Rxc6 22. Bxd6 Rxd6 23. Rc1 Kf8 24. Rc7 a5 25. Kf1 Ke8 26. Ke2 Rd7 27. Rc6
Rb7 28. Rc8+ Ke7 29. Kd2 b5 30. axb5 Rxb5 31. Kc3 Rf5 32. Rc5 Rxf2 33. Rxa5 Re2
34. b4 Rxe3+ 35. Kc4 Re1 36. Ra7+ Kf8 37. Ra2 Rc1+ 38. Kb5 e5 39. d5 Ke7 40. Ka6
f5 41. b5 f4 42. b6 Rb1 43. b7 e3 44. Rc2 Kd7 45. Ka7 e4 46. Re2 Kd6 47. Re1 Rb2
48. b8=Q+ Rxb8 49. Kxb8 Kxd5 50. Kc7 Kd4 51. Kd6 f3 52. Rd1+ Kc3 53. gxf3 exf3
54. Rf1 f2 55. Rc1+ Kd2 56. Rf1 Ke2 0-1

[Event "4th London Classic Open"]
[Site "London ENG"]
[Date "2012.12.04"]
[Round "4"]
[White "Boruchovsky,A"]
[Black "Wallace,P"]
[Result "1-0"]
[WhiteTitle "IM"]
[WhiteElo "2448"]
[BlackElo "2193"]
[WhiteFideId "2800055"]
[BlackFideId "2500892"]
[EventDate "2012.12.01"]

1. e4 e5 2. Nf3 Nc6 3. Bb5 Bc5 4. O-O Nd4 5. Ba4 Nxf3+ 6. Qxf3 Ne7 7. Qc3 Bd4 8.
Qg3 Ng6 9. d3 O-O 10. Nd2 d6 11. Nf3 Bb6 12. h4 Kh8 13. Bb3 Be6 14. h5 Ne7 15.
h6 g6 16. Bg5 Bxb3 17. Bf6+ Kg8 18. Qg5 Re8 19. axb3 Qd7 20. Nh2 Qe6 21. Ng4 c6
22. Kh1 Bd8 23. f4 exf4 24. Rxf4 a5 25. Raf1 a4 26. Bg7 f5 27. Nf6+ Kf7 28. exf5 1-0

[Event "4th London Classic Open"]
[Site "London ENG"]
[Date "2012.12.04"]
[Round "4"]
[White "Kiik,K"]
[Black "Spivack,S"]
[Result "1-0"]
[WhiteTitle "IM"]
[WhiteElo "2437"]
[BlackElo "2192"]
[WhiteFideId "4500075"]
[BlackFideId "404780"]
[EventDate "2012.12.01"]

1. c4 g6 2. Nc3 Bg7 3. d4 d6 4. e4 Nc6 5. d5 Nd4 6. Be3 c5 7. dxc6 Nxc6 8. Qd2
Nf6 9. f3 O-O 10. Nge2 Ne5 11. Nf4 b6 12. Be2 Ba6 13. b3 e6 14. Rd1 Qe7 15. O-O
Rfd8 16. Rfe1 Rac8 17. a4 h6 18. Nb5 g5 19. Nd3 Nc6 20. h4 Nh7 21. hxg5 hxg5 22.
Nf2 Bxb5 23. axb5 Na5 24. Qc2 Be5 25. Bd3 Nf8 26. Nh3 f6 27. b4 Nb7 28. f4 gxf4
29. Nxf4 Qh7 30. Qf2 Rd7 31. Kf1 Rg7 32. Ke2 Bxf4 33. Bxf4 Qh5+ 34. Kd2 Qg4 35.
Be2 Qg6 36. Qf3 e5 37. Be3 Nd8 38. Rh1 Nf7 39. Rdf1 Ng5 40. Bxg5 Qxg5+ 41. Kd1
Kf7 42. Rh5 Qg6 43. Rf5 Nh7 44. Qd3 Ke7 45. g4 Rc7 46. Kc2 Ng5 47. Rd1 Nf7 48.
Kb3 Qh6 49. Rdf1 Rg6 50. Rh5 Qf8 51. Rfh1 Ng5 52. Rd1 Nf7 53. Qd5 Rg7 54. Rh3
Qc8 55. Rc3 Rh7 56. g5 fxg5 57. Rg1 Qe6 58. Qd3 Rh4 59. Bf3 g4 60. Be2 Ng5 61.
Qe3 Qg6 62. Bxg4 Nxe4 63. Bf3 Nd2+ 64. Ka4 Qh6 65. Qxh6 Rxh6 66. Bd5 Rh2 67.
Rcg3 Kf6 68. Rg8 Rhh7 69. Rf8+ Ke7 70. Ra8 Kf6 71. Rg2 Nxc4 72. Rf2+ 1-0

[Event "4th London Classic Open"]
[Site "London ENG"]
[Date "2012.12.04"]
[Round "4"]
[White "Iwanow,A"]
[Black "Schneider,Ig"]
[Result "1-0"]
[WhiteTitle "WIM"]
[BlackTitle "FM"]
[WhiteElo "2188"]
[BlackElo "2376"]
[WhiteFideId "1135988"]
[BlackFideId "2019043"]
[EventDate "2012.12.01"]

1. e4 e6 2. d4 d5 3. Nc3 Bb4 4. e5 c5 5. Bd2 Ne7 6. Nf3 Nbc6 7. Nb5 Bxd2+ 8.
Qxd2 O-O 9. dxc5 Ng6 10. Qe3 Bd7 11. Nbd4 Qa5+ 12. c3 Qxc5 13. h4 Nxd4 14. Nxd4
f6 15. exf6 Rxf6 16. h5 Nh8 17. O-O-O Raf8 18. Bd3 Nf7 19. f4 Nd6 20. Rhf1 b5
21. g4 Re8 22. g5 Rff8 23. Rh1 Nc4 24. Qg3 b4 25. Bxh7+ Kxh7 26. g6+ Kg8 27. h6
bxc3 28. hxg7 cxb2+ 29. Kb1 Na3+ 30. Kxb2 Rb8+ 31. Nb3 Rfc8 32. Qh3 Rxb3+ 33.
axb3 Nc4+ 34. Kb1 Na3+ 35. Ka2 Qc2+ 36. Kxa3 Qc5+ 37. Kb2 Qc2+ 38. Ka1 Qc3+ 39.
Qxc3 Rxc3 40. Rdg1 Bb5 41. Rh8+ Kxg7 42. Rh7+ Kg8 43. Kb2 Rc8 44. Rgh1 Rf8 45.
Rb7 a6 46. g7 Rf7 47. Rxf7 Kxf7 48. Rg1 Kg8 49. Kc3 Be2 50. Kd4 1-0

[Event "4th London Classic Open"]
[Site "London ENG"]
[Date "2012.12.04"]
[Round "4"]
[White "Weber,T"]
[Black "Ilfeld,E"]
[Result "1-0"]
[WhiteTitle "FM"]
[WhiteElo "2372"]
[BlackElo "2191"]
[WhiteFideId "4000609"]
[BlackFideId "2803470"]
[EventDate "2012.12.01"]

1. c4 e6 2. g3 d5 3. Bg2 c6 4. Nf3 f5 5. O-O Nf6 6. d3 dxc4 7. dxc4 Qxd1 8. Rxd1
Nbd7 9. Nc3 Bc5 10. Nd4 Kf7 11. b3 g6 12. e4 Ng4 13. Na4 Be7 14. Bb2 Re8 15.
exf5 exf5 16. Nxc6 Bf6 17. Nd4 a6 18. h3 Bxd4 19. Rxd4 Ngf6 20. Rad1 Rb8 21. c5
Re2 22. R4d2 Rxd2 23. Rxd2 Ne4 24. Rc2 Ke6 25. Kh2 b5 26. cxb6 Bb7 27. Bd4 Ne5
28. f3 Nd6 29. Re2 Nf7 30. Bxe5 Nxe5 31. f4 1-0

[Event "4th London Classic Open"]
[Site "London ENG"]
[Date "2012.12.04"]
[Round "4"]
[White "Zimmermann,Ju"]
[Black "Guthrie,D"]
[Result "1-0"]
[WhiteTitle "FM"]
[WhiteElo "2299"]
[BlackElo "2167"]
[WhiteFideId "4667654"]
[BlackFideId "4300505"]
[EventDate "2012.12.01"]

1. e4 c5 2. Nf3 d6 3. d4 cxd4 4. Nxd4 Nf6 5. Nc3 a6 6. Bg5 e6 7. f4 Be7 8. Qf3
Qc7 9. O-O-O Nbd7 10. g4 b5 11. Bxf6 Nxf6 12. g5 Nd7 13. f5 Nc5 14. f6 gxf6 15.
gxf6 Bf8 16. a3 h5 17. Rg1 Nd7 18. Rg7 Ne5 19. Qg2 Qd8 20. Qg5 Bxg7 21. Qxg7 Rf8
22. Ndxb5 axb5 23. Bxb5+ Bd7 24. Rxd6 Ra7 25. Qg5 Nf3 26. Rxe6+ fxe6 27. Qg6+
Rf7 28. Qg8+ Rf8 29. Qxe6+ 1-0

[Event "4th London Classic Open"]
[Site "London ENG"]
[Date "2012.12.04"]
[Round "4"]
[White "Rudd,J"]
[Black "Willmoth,R"]
[Result "1-0"]
[WhiteTitle "IM"]
[WhiteElo "2288"]
[BlackElo "2164"]
[WhiteFideId "405736"]
[BlackFideId "402540"]
[EventDate "2012.12.01"]

1. e4 e6 2. d4 d5 3. Nd2 c5 4. exd5 Qxd5 5. Ngf3 cxd4 6. Bc4 Qd6 7. Qe2 Nc6 8.
Nb3 a6 9. Bd2 b5 10. Bd3 Nf6 11. O-O-O Be7 12. Rhe1 Bb7 13. Kb1 Rd8 14. Na5 Qc7
15. Nxc6 Bxc6 16. Ne5 Bd5 17. f4 Nd7 18. Nxd7 Rxd7 19. f5 Qxh2 20. fxe6 Bxe6 21.
Be4 Qc7 22. Qf3 Rd8 23. Bc6+ Kf8 24. Rxe6 1-0

[Event "4th London Classic Open"]
[Site "London ENG"]
[Date "2012.12.04"]
[Round "4"]
[White "Ethelontis,A"]
[Black "Chapman,T"]
[Result "1/2-1/2"]
[WhiteElo "2155"]
[BlackElo "2279"]
[WhiteFideId "405469"]
[BlackFideId "413399"]
[EventDate "2012.12.01"]

1. c4 Nf6 2. g3 c5 3. Bg2 d5 4. cxd5 Nxd5 5. Nc3 Nc7 6. Nf3 Nc6 7. O-O g6 8. a3
Bg7 9. Rb1 a5 10. d3 O-O 11. Qa4 Bd7 12. Qh4 b6 13. Rd1 Rb8 14. Bh6 Ne6 15. e3
f6 16. Bxg7 Nxg7 17. Qc4+ Be6 18. Qa4 Bd7 19. Qc4+ Be6 20. Qa4 Bd7 21. Qb3+ Be6
22. Qa4 1/2-1/2

[Event "4th London Classic Open"]
[Site "London ENG"]
[Date "2012.12.04"]
[Round "4"]
[White "Friedland,J"]
[Black "Roe,S"]
[Result "0-1"]
[WhiteTitle "CM"]
[WhiteElo "2125"]
[BlackElo "2265"]
[WhiteFideId "408484"]
[BlackFideId "401471"]
[EventDate "2012.12.01"]

1. e4 Nf6 2. e5 Nd5 3. d4 d6 4. c4 Nb6 5. exd6 exd6 6. Nc3 Be7 7. Bd3 Nc6 8. Be3
O-O 9. b3 Bf6 10. Nf3 Bg4 11. O-O Re8 12. Be2 d5 13. c5 Nc8 14. Qd2 h6 15. Rfe1
N8e7 16. Rad1 Nf5 17. Ne5 Nxe5 18. dxe5 Bxe2 19. Rxe2 Nxe3 20. fxe3 Bxe5 21.
Nxd5 c6 22. Nf4 Qe7 23. Nd3 Rad8 24. Qc2 Bc7 25. b4 Qe4 26. Qb3 Qg6 27. Rdd2 Qg5
28. Rf2 Qd5 29. Qd1 Qe6 30. Rf3 Qe4 31. Qb3 Qd5 32. Qd1 Qc4 33. Qf1 Re7 34. Qd1
Red7 35. e4 Qxe4 36. Qc2 Qd4+ 37. Kh1 a5 38. bxa5 Qe4 39. Rd1 Qh4 40. g3 Qe4 41.
Kg2 Bxa5 42. Qb3 Qd5 43. Qa4 Bc7 44. Qc2 Be5 45. Nf2 Bd4 46. Ne4 f5 47. Nd6 Qxc5
48. Qb3+ Kh7 49. Nxf5 Bf6 50. Rxd7 Rxd7 51. Qb1 Rd2+ 52. Kh3 Qc2 53. Qxc2 Rxc2
54. a4 Rb2 55. Rf4 c5 56. Rc4 b6 57. a5 bxa5 58. Rxc5 a4 59. Ra5 Rb4 60. Ne3 Bb2
61. Kg2 a3 62. Kf3 Bc1 63. Nc2 Rb3+ 64. Ke4 Rc3 65. Nd4 Bb2 66. Ne2 Rc2 67. Kd3
Rc6 68. Ke4 Rc7 69. Ra6 Kg8 70. Kd3 Kf7 71. Nf4 Rc1 72. Ke4 Ke7 73. Kd5 Rd1+ 74.
Kc4 Rd2 75. h3 Rc2+ 76. Kb4 Rh2 77. Kb3 Rf2 78. Nh5 Kf7 79. Ra7+ Kg6 80. Nf4+
Kf5 81. Nh5 Rf3+ 82. Ka2 Ke4 83. Ra4+ Kd3 84. Rg4 Rf2 85. Kb3 g5 86. Ra4 Ke2 87.
h4 Kf3 88. hxg5 hxg5 89. Ra5 Kg4 90. Nf4 Rf3+ 91. Ka2 Rxg3 92. Ne6 Kh4 93. Nc5
Rg2 94. Kb3 g4 95. Ra7 Re2 96. Nd3 Kg3 97. Nxb2 axb2 98. Ka2 Kg2 99. Kb1 g3 100.
Rg7 Kf2 101. Rf7+ Ke1 102. Rg7 g2 103. Rg8 Kf1 104. Rf8+ Rf2 0-1

[Event "4th London Classic Open"]
[Site "London ENG"]
[Date "2012.12.04"]
[Round "4"]
[White "Stachanczyk,J"]
[Black "Ociepka,A"]
[Result "1-0"]
[WhiteElo "2265"]
[BlackElo "2143"]
[WhiteFideId "1116657"]
[BlackFideId "1141937"]
[EventDate "2012.12.01"]

1. e4 c5 2. Nf3 Nc6 3. d4 cxd4 4. Nxd4 g6 5. Nc3 Bg7 6. Be3 Nf6 7. Bc4 O-O 8.
Bb3 a5 9. O-O a4 10. Nxa4 Nxe4 11. Nb5 Ra6 12. c4 d6 13. Qe2 Nf6 14. Rfd1 Bd7
15. c5 d5 16. Nb6 e6 17. Bg5 Ne7 18. Nd6 Rxb6 19. cxb6 Qxb6 20. Qf3 Nf5 21. Nxf5
gxf5 22. Be3 Qd6 23. Bf4 e5 24. Bxd5 Qb8 25. Bg5 Nxd5 26. Qxd5 Be6 27. Qd6 Qxd6
28. Rxd6 Ra8 29. a4 e4 30. Rb6 Bd5 31. Rd1 Rxa4 32. Rd6 h6 33. R6xd5 hxg5 34.
Rxf5 Bxb2 35. Rxg5+ Kf8 36. Rb5 Bd4 37. h4 b6 38. Rf5 e3 39. Rf4 e2 40. Re1 Ra1
41. Rxa1 Bxa1 42. Re4 Bf6 43. Rxe2 Bxh4 44. Rb2 Bd8 45. f4 Ke7 46. Kf2 Kd6 47.
Ke3 Kc5 48. Rc2+ Kb4 49. Rc8 Be7 50. g4 Bc5+ 51. Ke4 Kc4 52. g5 b5 53. f5 b4 54.
g6 fxg6 55. fxg6 b3 56. g7 1-0